Responses for Show #1130 - Friday, June 30, 1989

Final Jeopardy! Round only.

Contestants

Bob Edgewood, from

Catherine Laatz, an office manager originally from Hoquiam, Washington

Daniel Kim, a patent lawyer originally from New York City (whose 2-day cash winnings total $25,601)

[next game >>]

Jeopardy! Round responses

=
=
=
=
=
=
    $100 1
=

Daniel
    $100 6
=

Daniel
    $100 11
=

Catherine
    $100 16
=

Bob
    $100 21
=

Bob
    $100 26
=

Daniel
    $200 2
=

Daniel
    $200 7
=

Catherine
    $200 12
=

Catherine
    $200 17
=

Bob
    $200 22
=

Bob
    $200 27
=

Catherine
    $300 3
=

Daniel
    $300 8
=

Daniel
    $300 13
=

Catherine
    $300 18
=

Bob
    $300 23
=

Bob
    $300 28
=

Daniel
    $400 4
=

Daniel
    $400 9
=

Daniel
    $400 14
=

Catherine
    $400 19
=

Bob
    $400 24
=

Bob
    $400 29
=

Catherine
    $500 5
=

Daniel
    $500 10
=

Daniel
    $500 15
=

Catherine
    $500 20
=

Bob
    $500 25
=

Bob
    $900 30
=

Bob

Scores at the first commercial break (after clue 15):

Daniel Catherine Bob
$2,800 $1,700 $0

Scores at the end of the Jeopardy! Round:

Daniel Catherine Bob
$3,200 $2,300 $3,900

Double Jeopardy! Round responses

=
=
=
=
=
=
    $200 1
=

Daniel
    $200 6
=

Daniel
    $200 11
=

Bob
    $200 16
=

Bob
    $400 2
=

Daniel
    $400 7
=

Daniel
    $400 12
=

Bob
    $600 3
=

Daniel
    $600 8
=

Bob
    $600 13
=

Bob
    $800 4
=

Daniel
    $800 9
=

Bob
    $800 14
=

Triple Stumper
    $1000 5
=

Catherine
    $1000 10
=

Catherine
    $1000 15
=

Bob

Scores at the end of the Double Jeopardy! Round:

Daniel Catherine Bob
$5,800 $4,300 $7,700

[wagering suggestions for these scores]

Final Jeopardy! Round responses

CORPORATE AMERICA
CatherineWhat is Greyhound?
$4,200
DanielWhat is Amtrak?
$2,801
BobWhat is Northwest Airlines?
$4,000
Greyhound

Final scores:

Daniel Catherine Bob
$2,999 $8,500 $3,700
3rd place: a Berkline sofa New champion: $8,500 2nd place: a Premier Cruise Lines (destination unknown)

Game dynamics:

Coryat scores:

Daniel Catherine Bob
$5,800 $4,300 $7,300
17 R,
0 W
10 R,
0 W
18 R
(including 1 DD),
0 W

Combined Coryat: $17,400

[game clues] [game scores] [suggest correction]

Game tape date: 1989-02-20
The J! Archive is created by fans, for fans. Scraping, republication, monetization, and malicious use prohibited; this site may use cookies and collect identifying information. See terms. The Jeopardy! game show and all elements thereof, including but not limited to copyright and trademark thereto, are the property of Jeopardy Productions, Inc. and are protected under law. This website is not affiliated with, sponsored by, or operated by Jeopardy Productions, Inc. Join the discussion at JBoard.tv.